000 01264cam a22003134a 4500
999 _c328719
_d328719
001 12875499
003 Nust
005 20170414114834.0
008 020730s2003 caua b 001 0 eng
010 _a 2002110784
020 _a053451717X
035 _a(DLC) 2002110784
040 _aDLC
_cDLC
_dDLC
042 _apcc
050 0 0 _aRA566
_b.M67 2003
082 0 0 _a363.7 MOR
_222
100 1 _aMorgan, Monroe T.
245 1 0 _aEnvironmental health /
_cMonroe T. Morgan ; [contributors], Darryl B. Barnett ... [et al.].
250 _a3rd ed.
260 _aBelmont, CA :
_bThomson/Wadsworth,
_cc2003.
300 _axiv, 346 p. :
_bill. ;
_c24 cm.
500 _aP.B
504 _aIncludes bibliographical references and index.
650 0 _aEnvironmental health.
650 0 _aHealth risk assessment.
700 1 _aBarnett, Darryl B.
_q(Darryl Bradley)
856 4 2 _3Publisher description
_uhttp://www.loc.gov/catdir/enhancements/fy1212/2002110784-d.html
856 4 1 _3Table of contents only
_uhttp://www.loc.gov/catdir/enhancements/fy1212/2002110784-t.html
906 _a7
_bcbc
_corignew
_d2
_eepcn
_f20
_gy-gencatlg
942 _2ddc
_cBK
_k363.7 MOR